Světová ekonomika - základní rysy a tendence vývoje

Guardado en:
Detalles Bibliográficos
Autor principal: Cihelková, Eva
Autor Corporativo: Vysoká škola ekonomická v Praze. Fakulta mezinárodních vztahů
Formato: Libro
Lenguaje:checo
Publicado: Praha VŠE v Praze, Nakladatelství Oeconomica 2006
Edición:2. vyd.
Materias:
Etiquetas: Agregar Etiqueta
Sin Etiquetas, Sea el primero en etiquetar este registro!

MARC

LEADER 00000nam$a2200000$$$4500
001 0041238
005 20240223112311.2
020 |a 80-245-0687-4 
041 0 |a cze 
044 |a CZ 
245 1 0 |a Světová ekonomika - základní rysy a tendence vývoje  |c Eva Cihelková a kolektiv 
250 |a 2. vyd. 
264 1 |a Praha  |b VŠE v Praze, Nakladatelství Oeconomica  |c 2006 
300 |a 258 s. 
610 2 0 |a hospodárstvo svetové 
610 2 0 |a systémy sociálno-ekonomické 
610 2 0 |a teórie ekonomické 
610 2 0 |a vzťahy hospodárske medzinárodné 
610 2 0 |a hospodárstvo trhové 
610 2 0 |a plánovanie hospodárske 
610 2 0 |a Česko 
610 2 0 |a integrácia ekonomická medzinárodná 
610 2 0 |a prognózy hospodárske medzinárodné 
610 2 0 |a internacionalizácia ekonomiky 
100 1 |a Cihelková, Eva 
710 2 |a Vysoká škola ekonomická v Praze. Fakulta mezinárodních vztahů